000 00445nam a22001337a 4500
999 _c514503
_d514503
008 201110b ||||| |||| 00| 0 eng d
100 _aHatton, Timothy J.
_920930
245 _aAsylum migration to the developed world: Persecution, Incentives, and policy
260 _aThe Journal of Economic Perspectives
300 _a34(1), Winter, 2020: p.75-93
773 _aThe Journal Of Economic Perspectives
906 _aMIGRATION
942 _cAR